Návrh prípravku na zavesenie dielu pre technológiu elektrolytnej plazmy

Enregistré dans:
Détails bibliographiques
Auteur principal: Horváth, Pál (Auteur)
Autres auteurs: Pokusová, Marcela (Directeur de thèse)
Format: Manuscrit Livre
Langue:slovaque
Publié: 2025
Sujets:
Accès en ligne:http://is.stuba.sk/zp/portal_zp.pl?podrobnosti=176435
Tags: Ajouter un tag
Pas de tags, Soyez le premier à ajouter un tag!

MARC

LEADER 00000ntm a22000003a 4500
001 stuzp106494
003 SK-STU
005 20250628213049.1
007 ta
008 150427s2015----xo-----f-mn---000-0-slo-d
040 |a STU  |b slo 
041 0 |a slo 
100 1 |a Horváth, Pál  |u 020070  |4 aut  |U SjF Strojnícka fakulta  |T SjF Ústav výrobného inžinierstva a kvality produkcie  |X 121670  |U J0070  |Y 804  |7 121670 
242 0 1 |a Design of Sample Holder for Electrolyte-Plasma Technology  |y eng 
245 1 0 |a Návrh prípravku na zavesenie dielu pre technológiu elektrolytnej plazmy 
260 |c 2025 
650 4 |a Elektrolytná plazma  |2 slo 
650 4 |a upínanie  |2 slo 
650 4 |a anódový proces  |2 slo 
650 4 |a elektrolyt  |2 slo 
650 4 |a paro-plazmová obálka  |2 slo 
650 4 |a drsnosť  |2 slo 
650 4 |a prípravok  |2 slo 
650 4 |a anodic process  |2 eng 
650 4 |a electrolyte  |2 eng 
650 4 |a surfice roughness  |2 eng 
650 4 |a Electrolytic plasma  |2 eng 
650 4 |a vapor-plasma envelope  |2 eng 
650 4 |a clamping  |2 eng 
650 4 |a jig  |2 eng 
700 1 |a Pokusová, Marcela  |u 020070  |k Z1  |4 ths  |U SjF Strojnícka fakulta  |T SjF Ústav výrobného inžinierstva a kvality produkcie  |X 236  |U J0070  |Y 804  |7 A000000236 
856 4 |u http://is.stuba.sk/zp/portal_zp.pl?podrobnosti=176435